[Event "MEX-ch"]
[White "Capo Vidal, Uriel"]
[Black "Rangel Tapia, David"]
[Site "Hermosillo"]
[Round "6"]
[Result "1-0"]
[Date "2003.12.04"]
[WhiteElo "2206"]
[BlackElo "1854"]
[PlyCount "68"]
[EventDate "2003.12.01"]
[EventType "swiss"]
[EventRounds "9"]
[EventCountry "MEX"]
[SourceTitle "CBM 097 Extra"]
[Source "ChessBase"]
[SourceDate "2004.01.13"]
[SourceVersion "1"]
[SourceVersionDate "2004.01.13"]
[SourceQuality "1"]

1. d4 e6 2. e4 d6 3. c4 Nd7 4. Nf3 c6 5. Nc3 e5 6. Be2 Be7 7. Be3 Ngf6 8. h3 0-0 9. Qc2 a6 10. 0-0 Re8 11. a3 Bf8 12. b4 Qc7 13. Rfd1 exd4 14. Nxd4 Ne5 15. Rd2 h6 16. Rad1 g5 17. f4 gxf4 18. Bxf4 Ng6 19. Bh2 Qe7 20. Bd3 Ne5 21. Bxe5 Qxe5 22. Nf3 Qh5 23. Ne2 Bxh3 24. Nf4 Qg4 25. Nxh3 Nxe4 26. Bxe4 Qxe4 27. Qxe4 Rxe4 28. Rd4 Re3 29. R4d3 Rae8 30. Nf2 f5 31. Nh4 f4 32. Nf5 Re1+ 33. Rxe1 Rxe1+ 34. Kh2 Re5 1-0